000 00870nam a2200253 a 4500
005 20160211201311.0
008 140314t1991 nyud fr|||| 001 0 eng d
020 _a0231075634
040 _aCO-BoIAVH
_cCO-BoIAVH
041 1 _aeng
044 _axxu
082 0 4 _a333.7
_bC72e
110 2 _aColumbia University Press
245 1 0 _aEcological economic :
_bthe science and management of sustainability
260 _aNew York :
_bColumbia University Press,
_cC1991.
300 _a525 páginas :
_bGráficos ;
_c26 x 18 cm.
500 _aIncluye índice.
650 1 6 _aEconomic development
_xenvironmental aspects
650 2 6 _aDesarrollo economico
_xAspectos ambientales
650 2 6 _aEstudios de casos
650 2 6 _aEducación Ambiental
_xPolítica Ambiental
700 1 _aConstanza, Robert
_eEditor
942 _cLIBRO
_2ddc
999 _c4303
_d4303